Space vehicle design (Record no. 60395)

000 -LEADER
fixed length control field 01378cam a2200313 a 4500
001 - CONTROL NUMBER
control field 13326745
003 - CONTROL NUMBER IDENTIFIER
control field NUST-PNEC
005 - DATE AND TIME OF LATEST TRANSACTION
control field 20170116180656.0
008 - FIXED-LENGTH DATA ELEMENTS--GENERAL INFORMATION
fixed length control field 030827s2004 vaua b 001 0 eng
010 ## - LIBRARY OF CONGRESS CONTROL NUMBER
LC control number 2003019167
020 ## - INTERNATIONAL STANDARD BOOK NUMBER
International Standard Book Number 1563475391
040 ## - CATALOGING SOURCE
Original cataloging agency DLC
Transcribing agency PNEC
Modifying agency DLC
050 00 - LIBRARY OF CONGRESS CALL NUMBER
Classification number TL875
Item number .G68 2004
082 00 - DEWEY DECIMAL CLASSIFICATION NUMBER
Classification number 629.47 GRI
100 1# - MAIN ENTRY--PERSONAL NAME
Personal name Griffin, Michael D.
Fuller form of name (Michael Douglas),
Dates associated with a name 1949-
245 10 - TITLE STATEMENT
Title Space vehicle design
Statement of responsibility, etc. Michael D. Griffin, James R. French.
250 ## - EDITION STATEMENT
Edition statement 2nd ed.
260 ## - PUBLICATION, DISTRIBUTION, ETC.
Place of publication, distribution, etc. Reston, VA :
Name of publisher, distributor, etc. American Institute of Aeronautics and Astronautics, Inc.,
Date of publication, distribution, etc. c2004.
300 ## - PHYSICAL DESCRIPTION
Extent xvii, 665 p. :
Other physical details ill. ;
Dimensions 24 cm.
440 #0 - SERIES STATEMENT/ADDED ENTRY--TITLE
Title AIAA education series
500 ## - GENERAL NOTE
General note Includes Index http://www.amazon.com/Space-Vehicle-Design-Aiaa-Education/dp/1563475391/ref=sr_1_1?s=books&ie=UTF8&qid=1409389941&sr=1-1&keywords=1563475391
504 ## - BIBLIOGRAPHY, ETC. NOTE
Bibliography, etc. note Includes bibliographical references and index.
650 #0 - SUBJECT ADDED ENTRY--TOPICAL TERM
Topical term or geographic name entry element Space vehicles
General subdivision EL, MS COMM
700 1# - ADDED ENTRY--PERSONAL NAME
Personal name French, James R.
856 41 - ELECTRONIC LOCATION AND ACCESS
Materials specified Table of contents
Uniform Resource Identifier <a href="http://www.loc.gov/catdir/toc/ecip048/2003019167.html">http://www.loc.gov/catdir/toc/ecip048/2003019167.html</a>
906 ## - LOCAL DATA ELEMENT F, LDF (RLIN)
a 7
b cbc
c orignew
d 1
e ecip
f 20
g y-gencatlg
942 ## - ADDED ENTRY ELEMENTS (KOHA)
Source of classification or shelving scheme
Koha item type Book
Holdings
Withdrawn status Lost status Source of classification or shelving scheme Damaged status Not for loan Permanent Location Current Location Date acquired Source of acquisition Cost, normal purchase price Total Checkouts Full call number Barcode Date last seen Cost, replacement price Price effective from Koha item type
          Pakistan Navy Engineering College (PNEC) Pakistan Navy Engineering College (PNEC) 07/18/2005 Progressive International Agency 7081.00   629.47 GRI PNECLIB-027435 08/30/2014 7081.00 07/18/2005 Book
© 2023 Central Library, National University of Sciences and Technology. All Rights Reserved.